Balakot: (Record no. 214413)

MARC details
000 -LEADER
fixed length control field 00607nam a22001937a 4500
005 - DATE AND TIME OF LATEST TRANSACTION
control field 20260121155043.0
010 ## - LCCN (DPL NO)
LC control number ENG-147620
020 ## - INTERNATIONAL STANDARD BOOK NUMBER
International Standard Book Number 9788198829597
Terms of availability 495.00
035 ## - SYSTEM CONTROL NUMBER
System control number EN-131152
037 ## - SOURCE OF ACQUISITION
Source of stock number/acquisition DBAD
082 ## - DEWEY DECIMAL CLASSIFICATION NUMBER
Classification number 355.0310954095491
Edition number 1
100 ## - MAIN ENTRY--PERSONAL NAME
Personal name Marino, Francesca
245 ## - TITLE STATEMENT
Title Balakot:
Remainder of title From Pulwama to Payback: /
Statement of responsibility, etc Francesca Marino
250 ## - EDITION STATEMENT
Edition statement 1
260 ## - PUBLICATION, DISTRIBUTION, ETC. (IMPRINT)
Place of publication, distribution, etc New Delhi
Name of publisher, distributor, etc Vitasta Publishing
Date of publication, distribution, etc 2025
270 ## - ADDRESS
Address 2/15,Ansari Road,Daryaganj,
City New Delhi
Postal code 110002
Electronic mail address vitastapublishing.com
300 ## - PHYSICAL DESCRIPTION
Extent 187p.
Dimensions 21cm(Pb)
942 ## - ADDED ENTRY ELEMENTS (KOHA)
Source of classification or shelving scheme Dewey Decimal Classification
Item type English Books
Classification part 355.0310954095491
Call number suffix MAR
Holdings
Withdrawn status Lost status Not for loan Collection code Home library Current library Date acquired Source of acquisition Cost, normal purchase price Full call number Barcode Copy number Cost, replacement price Koha item type
      Non-fiction Janak Puri Janak Puri 21/01/2026 Delivery of Books Act Division 495.00 355.0310954095491 MAR EN-131152 1 495.00 English Books

© Delhi Public Library
Hit Counter
free hit counter